<?xml version="1.0" encoding="UTF-8"?><?xml-stylesheet type="text/xsl" href="static/style.xsl"?><OAI-PMH xmlns="http://www.openarchives.org/OAI/2.0/" xmlns:xsi="http://www.w3.org/2001/XMLSchema-instance" xsi:schemaLocation="http://www.openarchives.org/OAI/2.0/ http://www.openarchives.org/OAI/2.0/OAI-PMH.xsd"><responseDate>2026-06-02T21:39:17Z</responseDate><request verb="GetRecord" identifier="oai:riuma.uma.es:10630/25864" metadataPrefix="marc">https://riuma.uma.es/rest/oai/request</request><GetRecord><record><header><identifier>oai:riuma.uma.es:10630/25864</identifier><datestamp>2026-02-03T11:29:47Z</datestamp><setSpec>com_10630_2254</setSpec><setSpec>col_10630_37953</setSpec></header><metadata><record xmlns="http://www.loc.gov/MARC21/slim" xmlns:dcterms="http://purl.org/dc/terms/" xmlns:doc="http://www.lyncode.com/xoai" xmlns:xsi="http://www.w3.org/2001/XMLSchema-instance" xsi:schemaLocation="http://www.loc.gov/MARC21/slim http://www.loc.gov/standards/marcxml/schema/MARC21slim.xsd">
   <leader>00925njm 22002777a 4500</leader>
   <datafield ind2=" " ind1=" " tag="042">
      <subfield code="a">dc</subfield>
   </datafield>
   <datafield ind2=" " ind1=" " tag="720">
      <subfield code="a">De Torres García, Irene</subfield>
      <subfield code="e">author</subfield>
   </datafield>
   <datafield ind2=" " ind1=" " tag="720">
      <subfield code="a">Bustos, Fernando</subfield>
      <subfield code="e">author</subfield>
   </datafield>
   <datafield ind2=" " ind1=" " tag="720">
      <subfield code="a">Arango-Lasprilla, Juan Carlos</subfield>
      <subfield code="e">author</subfield>
   </datafield>
   <datafield ind2=" " ind1=" " tag="720">
      <subfield code="a">Fernández-Berrocal, Pablo</subfield>
      <subfield code="e">author</subfield>
   </datafield>
   <datafield ind2=" " ind1=" " tag="260">
      <subfield code="c">2022-10-28</subfield>
   </datafield>
   <datafield ind2=" " ind1=" " tag="520">
      <subfield code="a">Background: Cognitive-behavioral alterations can occur after an acquired brain injury (ABI). Objectives: To develop and evaluate a synchronous online training program on emotional intelligence (EI) for the caregivers of adult patients with cognitive-behavioral impairment due to ABI. Methods: Quasi-experimental study. Ten caregivers attended a one-month virtual synchronous course about EI. The emotional status of the caregivers was registered one-month-previous and one-month-post program using comparative measures: The Trait Meta-Mood Scale (TMMS-24), the Positive and Negative Affect Schedule (PANAS), Caregiver Burden Interview, the 10-item Connor-Davidson Resilience Scale, and the Emotional Health Survey. Results: After the training course, the favorable changes related to emotional affect measured with the PANAS questionnaire were found; both positive (increase; Mdn = 39.5; effect size −12.79; adjusted variance 95.75) and negative (decrease; Mdn = 14.5; effect size 0.73; adjusted variance 95.50) presented a statistical significance of p &lt; 0.05. The TMMS-24 post-test showed that 90% of the caregivers reported an adequate or excellent emotional repair (p &lt; 0.05; effect size −0.68; adjusted variance 94.75). No other significant differences were found. Conclusions: After this training in EI, the caregivers had a more positive mood and improved aspects of their emotional intelligence, such as emotional regulation. More studies need to be conducted.</subfield>
   </datafield>
   <datafield ind1="8" ind2=" " tag="024">
      <subfield code="a">De-Torres I, Bustos F, Arango-Lasprilla JC, Fernández-Berrocal P. Training on Emotional Intelligence for Caregivers of Patients with Acquired Brain Injury and Cognitive Impairment: A Quasi-Experimental Study. International Journal of Environmental Research and Public Health. 2022; 19(21):14050. https://doi.org/10.3390/ijerph192114050</subfield>
   </datafield>
   <datafield ind1="8" ind2=" " tag="024">
      <subfield code="a">https://hdl.handle.net/10630/25864</subfield>
   </datafield>
   <datafield ind1="8" ind2=" " tag="024">
      <subfield code="a">https://doi.org/10.3390/ijerph192114050</subfield>
   </datafield>
   <datafield tag="653" ind2=" " ind1=" ">
      <subfield code="a">Inteligencia Emocional</subfield>
   </datafield>
   <datafield ind2="0" ind1="0" tag="245">
      <subfield code="a">Training on Emotional Intelligence for Caregivers of Patients with Acquired Brain Injury and Cognitive Impairment: A Quasi-Experimental Study</subfield>
   </datafield>
</record>
</metadata></record></GetRecord></OAI-PMH>